Standardy v činnosti Armády České republiky ve vazbě na ekonomické aspekty integrace do soudobých společenských struktur

Otázka vplyvu ekonomických aspektov integrácie na Armádu Českej republiky (AČR). Štandardizácia ako integračný jav. Tvorba českých obranných štandardov a ich implementácia musí vychádzať zo štandardov - noriem danej štruktúry (NATO) so zameraním na ich maximálne využitie a aplikáciu. Úlohy a očakáva...

Descrizione completa

Salvato in:
Dettagli Bibliografici
Autore principale: Vyleťal, Pavel
Natura: Capitolo di libro
Lingua:ceco
Soggetti:
Tags: Aggiungi Tag
Nessun Tag, puoi essere il primo ad aggiungerne!!

MARC

LEADER 00000naa$a2200000$$$4500
001 0038517
005 20221207105157.3
041 0 |a cze 
044 |a SK 
245 1 0 |a Standardy v činnosti Armády České republiky ve vazbě na ekonomické aspekty integrace do soudobých společenských struktur  |c Pavel Vyleťal 
520 |a Otázka vplyvu ekonomických aspektov integrácie na Armádu Českej republiky (AČR). Štandardizácia ako integračný jav. Tvorba českých obranných štandardov a ich implementácia musí vychádzať zo štandardov - noriem danej štruktúry (NATO) so zameraním na ich maximálne využitie a aplikáciu. Úlohy a očakávania, ktoré sú s týmto procesom spojené v AČR. 
610 2 0 |a vojenstvo 
610 2 0 |a armáda 
610 2 0 |a Česko 
610 2 0 |a integrácia 
610 2 0 |a štandardizácia 
610 2 0 |a Európska únia 
610 2 0 |a NATO 
100 1 |a Vyleťal, Pavel